000 00478nam a2200181 a 4500
001 1768117515556
003 YourLibrary
005 20260112125813.0
008 260111s2009##################000#0#eng##
020 _a9780230553705
082 0 4 _a302.224407
_bBAY
100 1 _aBaynham, M.,
_eauthor.
245 1 0 _aThe Future of Literacy Studies :
260 _bPalgrave Macmillan,
_c2009.
650 0 _aEducation.
942 _cENGLISH
040 _aYourLibrary
_beng
_cYourLibrary
999 _c608251
_d608251